LEADER 02083nam 2200385 450 001 996279876003316 005 20231206173724.0 010 $a0-7381-1104-X 035 $a(CKB)3780000000089138 035 $a(NjHacI)993780000000089138 035 $a(EXLCZ)993780000000089138 100 $a20231206d1988 uy 0 101 0 $aeng 135 $aur||||||||||| 181 $ctxt$2rdacontent 182 $cc$2rdamedia 183 $acr$2rdacarrier 200 10$aANSI/IEEE Std 1010-1987 $eIEEE Guide for Control of Hydroelectric Power Plants /$fIEEE 210 1$aPiscataway :$cIEEE,$d1988. 215 $a1 online resource (91 pages) 330 $aDescribes the control and monitoring requirements for equipment and systems associated with conventional and pumped-storage hydroelectric plants. The author includes typical methods of local and remote control, details of the control interfaces for plant equipment, requirements for centralized and off-site control, and trends in control systems. Where specific values are given to control parameters, they should be considered as typical. This document does not include civil and structural details of hydroelectric power plants unless required for the understanding of certain control and monitoring functions. Also excluded is a detailed discussion of protective relaying, high-voltage switchyards, and navigational and flood control facilities. This document is directed toward practicing engineers in the field of power plant design that have a basic knowledge of hydroelectric facilities. 517 $aANSI/IEEE Std 1010-1987: IEEE Guide for Control of Hydroelectric Power Plants 606 $aHydroelectric power plants 606 $aHydroelectric power plants$xStandards 606 $aStandards, Engineering 615 0$aHydroelectric power plants. 615 0$aHydroelectric power plants$xStandards. 615 0$aStandards, Engineering. 676 $a621.312134 801 0$bNjHacI 801 1$bNjHacl 906 $aDOCUMENT 912 $a996279876003316 996 $aANSI$92072434 997 $aUNISA LEADER 02905nam 2200709 a 450 001 9910779183003321 005 20230802005016.0 010 $a0-19-026784-4 010 $a1-280-59570-1 010 $a9786613625533 010 $a0-19-993072-4 035 $a(CKB)2550000000100541 035 $a(EBL)916055 035 $a(OCoLC)793996708 035 $a(SSID)ssj0000642618 035 $a(PQKBManifestationID)12282987 035 $a(PQKBTitleCode)TC0000642618 035 $a(PQKBWorkID)10652780 035 $a(PQKB)11303721 035 $a(StDuBDS)EDZ0001131693 035 $a(MiAaPQ)EBC916055 035 $a(Au-PeEL)EBL916055 035 $a(CaPaEBR)ebr10560926 035 $a(CaONFJC)MIL362553 035 $a(EXLCZ)992550000000100541 100 $a20110805d2012 uy 0 101 0 $aeng 135 $aur|n|---||||| 181 $ctxt 182 $cc 183 $acr 200 10$aVisualizing the invisible$b[electronic resource] $eimaging techniques for the structural biologist /$fPeter B. Moore 210 $aOxford ;$aNew York $cOxford University Press$dc2012 215 $a1 online resource (397 p.) 300 $aDescription based upon print version of record. 311 $a0-19-976709-2 320 $aIncludes bibliographical references (p. 349) and index. 327 $apt. 1. Fundamentals -- pt. 2. Crystallography -- pt. 3. Noncrystallographic diffraction -- pt. 4. Optical microscopy -- pt. 5. Electron microscopy. 330 $aKnowledge of the microscopic structure of biological systems is the key to understanding their physiological properties. Most of what we now know about this subject has been generated by techniques that produce images of the materials of interest, one way or another, and there is every reason to believe that the impact of these techniques on the biological sciences will be every bit as important in the future as they are today. Thus the 21st century biologist needs to understand how microscopic imaging techniques work, as it is likely that sooner or later he or she will have to use one or anot 606 $aUltrastructure (Biology) 606 $aMolecular structure 606 $aFourier transformations 606 $aImaging systems in biology 606 $aCytology$xExperiments 606 $aMolecular biology$xExperiments 606 $aBiology$xExperiments 615 0$aUltrastructure (Biology) 615 0$aMolecular structure. 615 0$aFourier transformations. 615 0$aImaging systems in biology. 615 0$aCytology$xExperiments. 615 0$aMolecular biology$xExperiments. 615 0$aBiology$xExperiments. 676 $a571.6/33 700 $aMoore$b Peter$f1939-$091722 801 0$bMiAaPQ 801 1$bMiAaPQ 801 2$bMiAaPQ 906 $aBOOK 912 $a9910779183003321 996 $aVisualizing the invisible$93851177 997 $aUNINA